000 004940000a22001810004500
003 MACL
005 20160324131750.0
008 160324b xxu||||| |||| 00| 0 eng d
040 _aMACL
_cMACL
041 _aHindi
082 _a294
100 _aउषा चौधरी
_948260
245 _aआशीर्वाद की छाया में
260 _bउषा चौधरी
_c2007
_aलखनउ
350 _a100
650 _aHindu Religion
_9350
942 _cHIN
_k294
_2ddc
999 _c10703
_d10703